000 01467nam a22003737a 4500
003 CHAP
005 20220329143738.0
008 110526s2011 mx r 00010 spa d
010 _a101309
011 _a102281
035 _a112969
040 _cCHAP
090 _aTesis
100 1 _aMendoza Solano, Juan Marcos
_974747
245 1 0 _aMaleza como plantas indicadoras de la patogenicidad de fitobacterias
_h[En línea]
_c/por Juan Marcos Mendoza Solano
260 _aChapingo, Méx. :
_bEl autor,
_c2011
500 _aPara ver el contenido del material haga clic en la liga
502 _aTesis (Ing. Agr. Esp. en Parasitología Agrícola) -- UACH. Departamento de Parasitología Agrícola
590 _aALEPH
_b10
_c20130110
_lUCH01
_h1540
590 _aBATCH-UPD
_b10
_c20130110
_lUCH01
_h1146
590 _aBATCH-UPD
_b10
_c20130410
_lUCH01
_h0731
590 _aBATCH-UPD
_b10
_c20130914
_lUCH01
_h0517
590 _aBATCH-UPD
_b10
_c20140324
_lUCH01
_h1525
590 _aBATCH-UPD
_b10
_c20141002
_lUCH01
_h0849
590 _aCONVERSION
_b10
_c20130109
_lUCH01
_h1356
650 1 4 _aBacterias patógenas.
_99328
650 1 4 _aMalas hierbas.
_969996
650 1 4 _aPlantas indicadoras.
_989008
856 _3Finding aid
_uhttp://10.13.5.2/tesis/112969.pdf
_zTeclea aqui
901 _aBK
942 _cFOLL
949 _aTesis
_bBC
_cTES
_d33724002251446
_eTS1
_gDonaciØn
_h52283
_i112969
_st
949 _aTesis
_bBC
_cTES
_d33724002251488
_eTS2
_fc.2
_gDonaciØn
_h52284
_i112969
_st
999 _c101309
_d101309